[Event "Dhaka Elegant Chess Academy 1st"]
[Site "Dhaka"]
[Date "2024.07.12"]
[Round "2.3"]
[White "S, M Sharon"]
[Black "Soumyajit, Das"]
[Result "1/2-1/2"]
[WhiteElo "2047"]
[BlackElo "1850"]
[PlyCount "102"]
[EventDate "2024.07.11"]
[EventType "team-tourn"]
[EventRounds "11"]
[EventCountry "BAN"]
[SourceTitle "EXT 2025"]
[Source "ChessBase"]
[SourceDate "2024.10.14"]
[SourceVersion "1"]
[SourceVersionDate "2024.10.14"]
[SourceQuality "1"]
[WhiteTeam "Shahin CC"]
[BlackTeam "Dhaka CC"]
[WhiteTeamCountry "BAN"]
[BlackTeamCountry "BAN"]

1. e4 e5 2. Nf3 Nc6 3. Bc4 Nf6 4. d3 h6 5. c3 d6 6. Nbd2 Qe7 7. Nf1 a6 8. Bb3 g5 9. h3 Be6 10. Ne3 Qd7 11. Bxe6 fxe6 12. Ng4 Nxg4 13. hxg4 Bg7 14. Nd2 Rf8 15. Nf1 Qf7 16. Qe2 0-0-0 17. Bd2 Ne7 18. Ng3 Ng6 19. Nh5 Bh8 20. f3 Rd7 21. 0-0-0 Qe8 22. Kb1 Kb8 23. Be3 c5 24. Bf2 Rh7 25. Qc2 Nf4 26. Nxf4 exf4 27. d4 cxd4 28. Bxd4 Bxd4 29. Rxd4 Qe7 30. Rhd1 Rd8 31. Qd3 h5 32. gxh5 Rxh5 33. Rxd6 Rxd6 34. Qxd6+ Qxd6 35. Rxd6 Rh2 36. Rd2 Kc7 37. Kc2 g4 38. fxg4 Rh4 39. e5 Rxg4 40. Kd3 a5 41. Ke4 b6 42. Kf3 Rg5 43. Kxf4 Rf5+ 44. Ke4 Rg5 45. b3 b5 46. c4 bxc4 47. bxc4 Kc6 48. Rd6+ Kc5 49. Rxe6 Rxg2 50. Re8 Kxc4 51. Kf3 Rxa2 1/2-1/2

[Event "Dhaka Elegant Chess Academy 1st"]
[Site "Dhaka"]
[Date "2024.07.11"]
[Round "1.2"]
[White "Faisal, Hossain"]
[Black "Soumyajit, Das"]
[Result "1/2-1/2"]
[WhiteElo "1835"]
[BlackElo "1850"]
[PlyCount "32"]
[EventDate "2024.07.11"]
[EventType "team-tourn"]
[EventRounds "11"]
[EventCountry "BAN"]
[SourceTitle "EXT 2025"]
[Source "ChessBase"]
[SourceDate "2024.10.14"]
[SourceVersion "1"]
[SourceVersionDate "2024.10.14"]
[SourceQuality "1"]
[WhiteTeam "Shofi Uddin Shah"]
[BlackTeam "Dhaka CC"]
[WhiteTeamCountry "BAN"]
[BlackTeamCountry "BAN"]

1. e4 e5 2. g3 Nf6 3. Bg2 Bc5 4. Ne2 c6 5. d4 exd4 6. Nxd4 d6 7. h3 0-0 8. 0-0 Re8 9. Nc3 a5 10. Bf4 a4 11. a3 Qb6 12. Nde2 Rd8 13. Qd2 Re8 14. Qd1 Rd8 15. Qd2 Re8 16. Qd1 Rd8 1/2-1/2